1644 1652 1285 1717 1995 1080 1907 1056 1112 1276 1868 1119 1003 1813 1589 1163 1386 1622 1644 1978 1523 1035 1817 1519 1747 1053 1123 1382 1733 1828 1562 1554 1806 1619 1514 1087 1654 1467 1216 1399 1782 1576 1625 1031 1152 1678 1850 1662 1407 1104 1877 1959 1315 2000 1411 1493 1852 1097 1027 1834 1988 1894 1744 1493 1837 1072 1790 1242 1455 1636 1642 1058 1198 1970 1284 1406 1314 1109 1856 1209 1200 1405 1311 1094 1890 1633 1860 1024 1848 1284 1797 1404 1991 1169 1116 1539 1659 1306 1591 BCNSPRNW ULIB Ver.6.0+V

เปลี่ยนเป็นภาษาไทย

Change to English
 แสดงรายละเอียดบรรณานุกรม
  กลับหน้าหลัก

Brief Record : Get Marc (ISO 2709) : E-mail record : QR code < ปิดหน้าต่าง
LEADER : 00000nam 2200000uu 4500
001    13399108689
003     ULIB
008    110311s2545||||th 000 0 tha d
020    9745884065
060 04 QT104^bส356 2545 ล.2
100    สุวรรณา หังสพฤกษ์, สุพัตรา โล่ห์สิริวัฒน์ และ สุพรพิมพ์ เจียสกุล
110 1  ภาควิชาสรีรวิทยา คณะแพทยศาสตร์ศิริราชพยาบาลมหาวิทยาลัยมหิดล
245 00 สรีรวิทยา^n2 /^cคณาจารย์ภาควิชาสรีรวิทยาคณะแพทยศาสตร์ศิริราชพยาบาล มหาวิทยาลัยมหิดล ; ผู้นิพนธ์, สุวรรณา หังสพฤกษ์, สุพัตรา โล่ห์สิริวัฒน์ และสุพรพิมพ์ เจียสกุล
250    พิมพ์ครั้งที่ 4 (พิมพ์ซ้ำครั้งที่ 3)
260    กรุงเทพฯ :^bโรงพิมพ์เรือนแก้วการพิมพ์,^c2545
300    439-809หน้า :^bภาพประกอบ ;^c26 ซม.
650  7 สรีรวิทยา
700 0  วัฒนา วัฒนาภา,^eบรรณาธิการ
700 0  สุพัตรา โล่ห์สิริวัฒน์,^eบรรณาธิการ
700 0  สุพรพิมพ์ เจียสกุล,^eบรรณาธิการ
710 2  มหาวิทยาลัยมหิดล. ^bคณะแพทยศาสตร์ศิริราชพยาบาล.^bภาควิชาสรีรวิทยา
945    ^p280^l0^i13241
945    ^p280^l0^i13240
945    ^p280^l0^i13239
945    ^p280^l0^i13238
945    ^p280^l0^i13236
945    ^p280^l0^i13235
945    ^p280^l0^i13234
945    ^p280^l0^i13233
945    ^p280^l0^i13237
945    ^p280^l0^i13232
995    เกษร
999 ^a ใช้งานได้ทุกระบบ
รายการนี้ยังไม่มีแท็ก
คุณยังไม่ได้ล็อกอิน คุณสามารถมีกิจกรรมร่วมกับเว็บไซต์ได้ แต่ต้องล็อกอินก่อน ::
  ล็อกอิน

รายการสื่อสารสนเทศ

ลำดับที่ ประเภท เลขเรียก/บาร์โค้ด สถานที่ สถานะ
- ไม่พบข้อมูล -

รายการใกล้เคียง
    หัวเรื่อง [สรีรวิทยา]

BibComment


ยังไม่เคยถูกคอมเมนท์

คอมเมนท์ทรัพยากรรายการนี้
  คอมเมนท์: สรีรวิทยา 2 คณาจ..


 Copyright 2026. Bcnsprnw @Library